[Event "SWE-ch U20"]
[Site "Falun"]
[Date "2012.07.07"]
[Round "1"]
[White "Aira, Johannes"]
[Black "Berggren, Jonatan"]
[Result "1-0"]
[WhiteElo "2059"]
[BlackElo "2170"]
[PlyCount "113"]
[EventDate "2012.07.07"]
[EventType "tourn"]
[EventRounds "9"]
[EventCountry "SWE"]
[SourceTitle "CBM 149 Extra"]
[Source "ChessBase"]
[SourceDate "2012.08.24"]
[SourceVersion "1"]
[SourceVersionDate "2012.08.24"]
[SourceQuality "1"]

1. e4 c5 2. Nf3 e6 3. d4 cxd4 4. Nxd4 a6 5. Nc3 Qc7 6. Bd3 Nf6 7. Qe2 d6 8. 0-0 Be7 9. Kh1 0-0 10. f4 Nbd7 11. Bd2 Re8 12. Rae1 e5 13. Nf5 Bf8 14. fxe5 Nxe5 15. Nh6+ Kh8 16. Rxf6 gxf6 17. Nd5 Qd8 18. Qh5 Be6 19. Rf1 Bg7 20. Bc3 Rc8 21. Rf4 Rxc3 22. Rh4 Qd7 23. Nxf7+ Kg8 24. Nxe5 dxe5 25. Qxh7+ Kf8 26. Nxc3 Qd4 27. Ne2 Qxb2 28. Qg6 Qa1+ 29. Ng1 Bg8 30. Rg4 Re7 31. h4 Qxa2 32. h5 Qf7 33. Qf5 Qe8 34. h6 Bh8 35. Nf3 Bh7 36. Bc4 Rc7 37. Qe6 Qxe6 38. Bxe6 Rxc2 39. Nh4 Rd2 40. Bd5 Rd1+ 41. Kh2 f5 42. Ng6+ Ke8 43. Bf7+ Kxf7 44. Nxh8+ Ke6 45. exf5+ Bxf5 46. Rg8 Rd7 47. g4 Bh7 48. Re8+ Kf6 49. Rf8+ Kg5 50. Nf7+ Kf4 51. Kh3 b5 52. Kh4 Ke3 53. Nxe5 Re7 54. Nf3 Rb7 55. Ng5 Bd3 56. Ne6 b4 57. Nc5 1-0

[Event "Rilton Cup 41st"]
[Site "Stockholm"]
[Date "2012.01.05"]
[Round "9"]
[White "Villegas, Pierre"]
[Black "Berggren, Jonatan"]
[Result "1-0"]
[WhiteElo "2249"]
[BlackElo "2150"]
[PlyCount "143"]
[EventDate "2011.12.27"]
[EventType "swiss"]
[EventRounds "9"]
[EventCountry "SWE"]
[SourceTitle "CBM 146 Extra"]
[Source "ChessBase"]
[SourceDate "2012.02.29"]
[SourceVersion "1"]
[SourceVersionDate "2012.02.29"]
[SourceQuality "1"]

1. Nf3 b6 2. g3 Bb7 3. Bg2 c5 4. c4 Nf6 5. 0-0 e6 6. Nc3 Be7 7. Re1 a6 8. e4 d6 9. d4 cxd4 10. Nxd4 Qc7 11. Be3 Nbd7 12. Rc1 Rc8 13. f4 0-0 14. g4 Nc5 15. Bf2 d5 16. e5 Nfe4 17. Be3 dxc4 18. Nxe4 Nxe4 19. Qc2 Nc5 20. Qxc4 Bxg2 21. Kxg2 Qb7+ 22. Nf3 Rfd8 23. Bxc5 Rxc5 24. Qe2 Rcd5 25. Red1 Bc5 26. Kg3 b5 27. Rxd5 Qxd5 28. b3 h6 29. Rc3 Bb4 30. Rc7 Ba5 31. Rc1 Bb6 32. h4 a5 33. h5 a4 34. bxa4 bxa4 35. Rc3 Ba5 36. Rc4 Qb5 37. g5 a3 38. Qe4 Qb2 39. Rc2 Qb5 40. g6 fxg6 41. hxg6 Qf1 42. Qc6 Kh8 43. Rh2 Rf8 44. Qc5 Be1+ 45. Kg4 Kg8 46. Qe3 Bb4 47. Qe4 Ba5 48. Qe3 Qb1 49. Nh4 Bb6 50. Qxa3 h5+ 51. Kh3 Rxf4 52. Qa8+ Rf8 53. Qa6 Qg1 54. Qe2 Bd8 55. Rg2 Qh1+ 56. Rh2 Qg1 57. Rg2 Qd4 58. Qxh5 Qxh4+ 59. Qxh4 Bxh4 60. Kxh4 Rf5 61. Rb2 Kf8 62. Rb8+ Ke7 63. Rb7+ Ke8 64. Rxg7 Rxe5 65. Ra7 Kf8 66. a4 Kg8 67. a5 Rb5 68. Kg4 Rf5 69. a6 Ra5 70. Kf4 Kf8 71. Rf7+ Kg8 72. a7 1-0

[Event "Rilton Cup 41st"]
[Site "Stockholm"]
[Date "2012.01.01"]
[Round "5"]
[White "Bellon Lopez, Juan Manuel"]
[Black "Berggren, Jonatan"]
[Result "1-0"]
[WhiteElo "2419"]
[BlackElo "2150"]
[PlyCount "91"]
[EventDate "2011.12.27"]
[EventType "swiss"]
[EventRounds "9"]
[EventCountry "SWE"]
[SourceTitle "CBM 146 Extra"]
[Source "ChessBase"]
[SourceDate "2012.02.29"]
[SourceVersion "1"]
[SourceVersionDate "2012.02.29"]
[SourceQuality "1"]

1. d4 Nf6 2. Bf4 e6 3. e3 c5 4. c3 Nc6 5. Nd2 d5 6. Ngf3 Bd6 7. Bg3 Qe7 8. Bb5 0-0 9. 0-0 Nd7 10. e4 Bxg3 11. hxg3 a6 12. Bxc6 bxc6 13. Qa4 Bb7 14. Qa3 Rfe8 15. Rac1 a5 16. Rfe1 cxd4 17. Qxe7 Rxe7 18. cxd4 Ree8 19. Re3 Kf8 20. Rb3 Ra7 21. Ne1 Ba8 22. f4 Rb8 23. Rxb8+ Nxb8 24. exd5 exd5 25. Nd3 Bb7 26. Rc3 Nd7 27. Ra3 Nb6 28. Nc5 Bc8 29. Na4 Nxa4 30. Rxa4 Bf5 31. b4 Ke7 32. bxa5 Kd6 33. Nb3 Bc2 34. Kf2 Ra8 35. g4 h6 36. Ke2 Rb8 37. Ra3 Bxb3 38. axb3 c5 39. a6 Kc6 40. a7 Ra8 41. Kd3 Kb5 42. dxc5 Kxc5 43. Ra4 g6 44. g5 hxg5 45. fxg5 d4 46. Ra1 1-0

[Event "Rilton Cup 41st"]
[Site "Stockholm"]
[Date "2011.12.30"]
[Round "4"]
[White "Berggren, Jonatan"]
[Black "Frisk, Ellinor"]
[Result "1-0"]
[WhiteElo "2150"]
[BlackElo "2184"]
[PlyCount "85"]
[EventDate "2011.12.27"]
[EventType "swiss"]
[EventRounds "9"]
[EventCountry "SWE"]
[SourceTitle "CBM 146 Extra"]
[Source "ChessBase"]
[SourceDate "2012.02.29"]
[SourceVersion "1"]
[SourceVersionDate "2012.02.29"]
[SourceQuality "1"]

1. e4 d5 2. exd5 Nf6 3. Bb5+ Nbd7 4. Nf3 Nxd5 5. d4 g6 6. 0-0 Bg7 7. Re1 0-0 8. Bg5 N7f6 9. h3 Bf5 10. Nbd2 c6 11. Ba4 Re8 12. c4 Nb6 13. Bc2 Bxc2 14. Qxc2 Qc7 15. Ne5 Rad8 16. Ndf3 Nbd7 17. Nd3 Nf8 18. Bf4 Qc8 19. Rad1 Ne6 20. Be5 Nh5 21. Qc3 Bxe5 22. Rxe5 Nhg7 23. Nb4 Nc7 24. Rde1 e6 25. Nc2 Nf5 26. Ne3 Nxe3 27. Qxe3 f6 28. Ra5 a6 29. Ra3 Qd7 30. Qf4 Rf8 31. Rae3 Kg7 32. R3e2 Rf7 33. Qc1 Re7 34. Re4 Ne8 35. R4e2 Nd6 36. g4 Nf7 37. b3 Rde8 38. Qc3 Qd6 39. Kg2 e5 40. dxe5 Nxe5 41. g5 Kg8 42. gxf6 Nxf3 43. Qxf3 1-0

[Event "SWE-ch U20"]
[Site "Vasteras"]
[Date "2011.07.23"]
[Round "8"]
[White "Berggren, Jonatan"]
[Black "Lindgren, Philip"]
[Result "0-1"]
[WhiteElo "2135"]
[BlackElo "2126"]
[PlyCount "98"]
[EventDate "2011.07.16"]
[EventType "tourn"]
[EventRounds "9"]
[EventCountry "SWE"]
[SourceTitle "CBM 143 Extra"]
[Source "ChessBase"]
[SourceDate "2011.08.29"]
[SourceVersion "1"]
[SourceVersionDate "2011.08.29"]
[SourceQuality "1"]

1. e4 c5 2. Nc3 Nc6 3. g3 g6 4. Bg2 Bg7 5. d3 d6 6. Be3 e6 7. Qd2 Rb8 8. Nge2 Nd4 9. Nd1 b5 10. Nc1 e5 11. c3 Nc6 12. 0-0 Nge7 13. f4 f5 14. Ne2 0-0 15. Nf2 Qc7 16. Rac1 Qa5 17. a3 Be6 18. b4 Qb6 19. fxe5 Nxe5 20. Nf4 Bf7 21. Nd5 Nxd5 22. exd5 Qb7 23. c4 cxb4 24. Qxb4 bxc4 25. Qxb7 Rxb7 26. dxc4 Rb3 27. Bd2 Rc8 28. Bb4 Bh6 29. Rb1 Rxb1 30. Rxb1 Nxc4 31. Bf3 a5 32. Be1 Nd2 33. Bxd2 Bxd2 34. Rd1 Be3 35. Rd3 Rc1+ 36. Kg2 Bc5 37. Bd1 Ra1 38. Kf1 Be8 39. Ke1 Ba4 40. Nh3 Bxd1 41. Rxd1 Rxd1+ 42. Kxd1 Bxa3 43. Ng5 h6 44. Nf3 Bc5 45. Kc2 a4 46. Kc3 Kf7 47. h3 Kf6 48. g4 fxg4 49. hxg4 h5 0-1

[Event "SWE-ch U20"]
[Site "Vasteras"]
[Date "2011.07.19"]
[Round "4"]
[White "Berggren, Jonatan"]
[Black "Vaarala, Eric"]
[Result "1-0"]
[WhiteElo "2135"]
[BlackElo "2184"]
[PlyCount "125"]
[EventDate "2011.07.16"]
[EventType "tourn"]
[EventRounds "9"]
[EventCountry "SWE"]
[SourceTitle "CBM 143 Extra"]
[Source "ChessBase"]
[SourceDate "2011.08.29"]
[SourceVersion "1"]
[SourceVersionDate "2011.08.29"]
[SourceQuality "1"]

1. d4 d5 2. Nc3 Nf6 3. Bg5 c5 4. Bxf6 gxf6 5. e4 Nc6 6. exd5 Nxd4 7. Nf3 Nf5 8. Nd2 Nd6 9. Bd3 Qc7 10. Qe2 Bd7 11. 0-0-0 0-0-0 12. Nc4 Bg7 13. Qf3 Nxc4 14. Bxc4 Bh6+ 15. Kb1 Qf4 16. Qxf4 Bxf4 17. g3 Be5 18. Ne4 Bg4 19. Rd2 Bf3 20. Re1 e6 21. Ng5 exd5 22. Nxf3 dxc4 23. c3 Rxd2 24. Nxd2 b5 25. Ne4 f5 26. Ng5 Bc7 27. Nxf7 Rf8 28. Re7 f4 29. Kc2 h5 30. Kd2 a5 31. Ke2 a4 32. Ne5 Bd6 33. Rf7 fxg3 34. Rxf8+ Bxf8 35. hxg3 Kc7 36. Ng6 Bg7 37. Nf4 Kd6 38. Nxh5 a3 39. bxa3 Bxc3 40. Nf4 Bb2 41. a4 b4 42. Ng2 b3 43. axb3 cxb3 44. Kd3 Bd4 45. Ne3 b2 46. Kc2 Ke5 47. a5 Ke4 48. Nc4 Kd5 49. a6 Kc6 50. f4 Bf2 51. g4 Bg3 52. f5 Bh4 53. Kxb2 Kc7 54. Kb3 Kc6 55. Ka4 Bf6 56. Ne3 Bg5 57. Nd5 Bh4 58. Kb3 Bg5 59. Kc4 Bh4 60. f6 Bg5 61. f7 Bh6 62. Nf4 Kb6 63. Ne6 1-0

[Event "SWE-ch U20"]
[Site "Lund"]
[Date "2010.07.10"]
[Round "8"]
[White "Berggren, Jonatan"]
[Black "Johansson, Linus"]
[Result "1-0"]
[WhiteElo "2135"]
[BlackElo "1953"]
[PlyCount "77"]
[EventDate "2010.07.03"]
[EventType "tourn"]
[EventRounds "9"]
[EventCountry "SWE"]
[SourceTitle "CBM 137 Extra"]
[Source "ChessBase"]
[SourceDate "2010.09.01"]
[SourceVersion "1"]
[SourceVersionDate "2010.09.01"]
[SourceQuality "1"]

1. e4 Nc6 2. d4 d5 3. Nc3 Nf6 4. e5 Ne4 5. Be3 Nxc3 6. bxc3 Na5 7. Nf3 Bg4 8. h3 Bxf3 9. Qxf3 e6 10. a4 c6 11. Bd3 Nc4 12. 0-0 Qd7 13. a5 Na3 14. Bc1 Nb5 15. Bb2 Be7 16. Qg4 0-0 17. c4 Nc7 18. Rfe1 f5 19. Qe2 Rfb8 20. cxd5 Nxd5 21. c4 Nf4 22. Qf3 Nxd3 23. Qxd3 b5 24. axb6 Rxb6 25. Ba3 Bxa3 26. Rxa3 h6 27. Ra5 Rab8 28. Rd1 Rb3 29. Qc2 Rb2 30. Qc3 R8b3 31. Qe1 Rb4 32. Rc5 a5 33. d5 cxd5 34. cxd5 Re4 35. Qxa5 Rxe5 36. d6 Rxc5 37. Qxc5 Rb5 38. Qc7 Rb7 39. Qxb7 1-0

[Event "SWE-ch U20"]
[Site "Lund"]
[Date "2010.07.09"]
[Round "7"]
[White "Lindgren, Philip"]
[Black "Berggren, Jonatan"]
[Result "1/2-1/2"]
[WhiteElo "2109"]
[BlackElo "2135"]
[PlyCount "86"]
[EventDate "2010.07.03"]
[EventType "tourn"]
[EventRounds "9"]
[EventCountry "SWE"]
[SourceTitle "CBM 137 Extra"]
[Source "ChessBase"]
[SourceDate "2010.09.01"]
[SourceVersion "1"]
[SourceVersionDate "2010.09.01"]
[SourceQuality "1"]

1. d4 Nf6 2. c4 c5 3. d5 b5 4. cxb5 a6 5. bxa6 g6 6. Nc3 Bxa6 7. e4 Bxf1 8. Kxf1 d6 9. Nf3 Nbd7 10. g3 Bg7 11. Kg2 0-0 12. Re1 Nb6 13. Bg5 Ne8 14. Qe2 h6 15. Bf4 Nc7 16. Rad1 Na4 17. Nxa4 Rxa4 18. b3 Ra6 19. e5 Qa8 20. a4 Rb6 21. exd6 exd6 22. Qd2 Kh7 23. h4 h5 24. Re7 Ne8 25. Ng5+ Kg8 26. Qd3 Bf6 27. Re2 Qb7 28. Rb1 Nc7 29. Ne4 Nxd5 30. Nxf6+ Nxf6+ 31. Kg1 Qc6 32. Rd1 d5 33. Be5 Rd8 34. Bxf6 Qxf6 35. Rde1 Kg7 36. Re5 Qd6 37. Qc3 d4 38. Qxc5 Rxb3 39. Qxd6 Rxd6 40. Rd1 Ra3 41. a5 f5 42. Rb5 Ra4 43. Rb6 Rxb6 1/2-1/2

[Event "SWE-ch U20"]
[Site "Lund"]
[Date "2010.07.08"]
[Round "6"]
[White "Berggren, Jonatan"]
[Black "Pettersson, Anders"]
[Result "1-0"]
[WhiteElo "2135"]
[BlackElo "2100"]
[PlyCount "123"]
[EventDate "2010.07.03"]
[EventType "tourn"]
[EventRounds "9"]
[EventCountry "SWE"]
[SourceTitle "CBM 137 Extra"]
[Source "ChessBase"]
[SourceDate "2010.09.01"]
[SourceVersion "1"]
[SourceVersionDate "2010.09.01"]
[SourceQuality "1"]

1. e4 c5 2. Nf3 g6 3. d4 cxd4 4. Nxd4 Nc6 5. Nc3 Bg7 6. Nde2 Nf6 7. g3 d6 8. Bg2 Bg4 9. h3 Bd7 10. 0-0 Qc8 11. Kh2 h5 12. Bg5 h4 13. gxh4 Nh7 14. Bf4 Nf8 15. Bg3 Bf6 16. f4 Bxh4 17. Bxh4 Rxh4 18. Qe1 Rh7 19. Qg3 g5 20. fxg5 Ng6 21. Nd5 Nce5 22. Nd4 Nh4 23. Nf5 Nxf5 24. exf5 Bxf5 25. Rxf5 Qxf5 26. Nc7+ Kf8 27. Nxa8 Qc8 28. Qb3 Qxa8 29. Qxb7 Qxb7 30. Bxb7 Rh4 31. c3 Kg7 32. Kg3 Ng6 33. Bf3 Rh8 34. Rd1 f6 35. gxf6+ Kxf6 36. Rd4 Rc8 37. Be2 Rc7 38. a4 Ne5 39. h4 Rc8 40. Rf4+ Kg7 41. Kf2 d5 42. Ke3 Nc6 43. Bb5 Nd8 44. Rf2 e5 45. h5 Nf7 46. Kd3 Rc7 47. b3 Nd6 48. Rg2+ Kh7 49. Rg5 Rxc3+ 50. Kxc3 Ne4+ 51. Kb4 Nxg5 52. Kc5 d4 53. Kd5 Nf3 54. Bd3+ Kh6 55. b4 Ne1 56. Ke4 Nxd3 57. Kxd3 Kxh5 58. b5 Kg4 59. a5 Kf3 60. b6 e4+ 61. Kxd4 axb6 62. a6 1-0

[Event "SWE-ch U20"]
[Site "Lund"]
[Date "2010.07.05"]
[Round "3"]
[White "Berggren, Jonatan"]
[Black "Vaarala, Eric"]
[Result "1/2-1/2"]
[WhiteElo "2135"]
[BlackElo "2102"]
[PlyCount "101"]
[EventDate "2010.07.03"]
[EventType "tourn"]
[EventRounds "9"]
[EventCountry "SWE"]
[SourceTitle "CBM 137 Extra"]
[Source "ChessBase"]
[SourceDate "2010.09.01"]
[SourceVersion "1"]
[SourceVersionDate "2010.09.01"]
[SourceQuality "1"]

1. e4 e5 2. Bc4 Nf6 3. d4 exd4 4. Nf3 Bb4+ 5. c3 d5 6. exd5 dxc3 7. Qa4+ Nc6 8. bxc3 Nxd5 9. cxb4 Qe7+ 10. Be2 0-0 11. Qb3 Re8 12. Be3 Nf4 13. Kf1 Bg4 14. h3 Bh5 15. Bd1 Qf6 16. Nc3 Rad8 17. a3 Nd5 18. Bd2 Bxf3 19. Bxf3 Nd4 20. Qd1 Nxc3 21. Bxc3 Qa6+ 22. Kg1 Nxf3+ 23. Qxf3 Rd3 24. Qf4 Rxc3 25. Kh2 h6 26. Rhc1 Rxc1 27. Rxc1 Re7 28. Rxc7 Rxc7 29. Qxc7 Qxa3 30. Qxb7 Qa2 31. Qa8+ Kh7 32. Qe4+ g6 33. Qd4 a6 34. Qf6 Qc4 35. f4 Kg8 36. Qd6 Qc8 37. Qe5 Qb7 38. Qd6 Qc8 39. Qb6 Qf5 40. Kg3 Qd3+ 41. Kh2 Qd2 42. Qb8+ Kh7 43. Qc7 Kg8 44. Qc4 Kg7 45. Qe4 Qd6 46. Kg1 Qd1+ 47. Kf2 Qd2+ 48. Kg3 Qc3+ 49. Kh2 Qd2 50. Qe5+ Kg8 51. Qe8+ 1/2-1/2

[Event "SWE-ch U20"]
[Site "Kungsor"]
[Date "2009.07.05"]
[Round "7"]
[White "Larsson, Daniel"]
[Black "Berggren, Jonatan"]
[Result "0-1"]
[WhiteElo "1996"]
[BlackElo "2141"]
[PlyCount "56"]
[EventDate "2009.06.28"]
[EventType "tourn"]
[EventRounds "13"]
[EventCountry "SWE"]
[SourceTitle "EXT 2024"]
[Source "ChessBase"]
[SourceDate "2023.10.10"]
[SourceVersion "1"]
[SourceVersionDate "2023.10.10"]
[SourceQuality "1"]

1. e4 c5 2. Nf3 e6 3. d4 cxd4 4. Nxd4 a6 5. Nc3 b5 6. Bd3 Qb6 7. Nf3 Nc6 8. 0-0 Qb8 9. Re1 Bd6 10. a4 b4 11. Nb1 Nge7 12. Nbd2 Bc7 13. Nc4 a5 14. Bd2 Ng6 15. Bf1 Ba6 16. c3 0-0 17. Qb3 f5 18. cxb4 axb4 19. exf5 Rxf5 20. Ne3 Rxf3 21. gxf3 Nd4 22. Qxb4 Nxf3+ 23. Kh1 Bb7 24. Ng2 Ba5 25. Bf4 Nxf4 26. Qxf4 Qxf4 27. Nxf4 Nxe1+ 28. Kg1 Rf8 0-1

[Event "SWE-ch U20"]
[Site "Kungsor"]
[Date "2009.07.02"]
[Round "5"]
[White "Vaarala, Eric"]
[Black "Berggren, Jonatan"]
[Result "1-0"]
[WhiteElo "1959"]
[BlackElo "2141"]
[PlyCount "67"]
[EventDate "2009.06.28"]
[EventType "tourn"]
[EventRounds "13"]
[EventCountry "SWE"]
[SourceTitle "EXT 2024"]
[Source "ChessBase"]
[SourceDate "2023.10.10"]
[SourceVersion "1"]
[SourceVersionDate "2023.10.10"]
[SourceQuality "1"]

1. e4 c5 2. Nf3 e6 3. d4 cxd4 4. Nxd4 a6 5. Nc3 b5 6. Bd3 Qb6 7. Nb3 Qc7 8. 0-0 d6 9. a4 b4 10. Ne2 Nf6 11. Bd2 d5 12. Ng3 Bb7 13. Qe1 Nc6 14. Bg5 dxe4 15. Nxe4 Nxe4 16. Bxe4 Be7 17. Bxe7 Qxe7 18. Qe3 Nd8 19. Rad1 0-0 20. Nc5 Bc6 21. Nd7 Re8 22. Ne5 Bxe4 23. Rd7 Qf8 24. Qxe4 Rb8 25. Rfd1 Qc5 26. h3 Rf8 27. R7d2 f5 28. Qe2 Nf7 29. Nd7 Qc6 30. Nxb8 Rxb8 31. Rd7 e5 32. Ra7 Qxa4 33. Qc4 Rf8 34. Rxf7 1-0

[Event "Stockholm Junior DM"]
[Site "Stockholm"]
[Date "2008.07.12"]
[Round "6"]
[White "Lissang, Christopher"]
[Black "Berggren, Jonatan"]
[Result "1-0"]
[WhiteElo "2169"]
[BlackElo "2102"]
[PlyCount "65"]
[EventDate "2008.07.06"]
[EventType "tourn"]
[EventRounds "9"]
[EventCountry "SWE"]
[SourceTitle "EXT 2024"]
[Source "ChessBase"]
[SourceDate "2023.10.10"]
[SourceVersion "1"]
[SourceVersionDate "2023.10.10"]
[SourceQuality "1"]

1. d4 Nf6 2. Nf3 c5 3. c3 e6 4. Bf4 b6 5. e3 Bb7 6. h3 Be7 7. Nbd2 0-0 8. Bd3 d5 9. 0-0 Nbd7 10. Qb1 Re8 11. b4 cxd4 12. cxd4 a6 13. a4 Nf8 14. Rc1 Bd6 15. a5 Ng6 16. Bxd6 Qxd6 17. Ra2 Rec8 18. Rac2 Rxc2 19. Rxc2 Rb8 20. Rb2 Bc8 21. axb6 Rxb6 22. Qc1 Qb8 23. Rc2 Bd7 24. Bxg6 hxg6 25. Ne5 Be8 26. Rc8 Qa7 27. Qc5 Rb7 28. g4 Kh7 29. Qf8 Re7 30. Nc6 Qb7 31. Nxe7 Qxb4 32. Rxe8 Nxe8 33. Qg8+ 1-0

[Event "SWE-chB"]
[Site "Vadso"]
[Date "2008.07.06"]
[Round "8"]
[White "Berggren, Jonatan"]
[Black "Blomqvist, Erik"]
[Result "1/2-1/2"]
[WhiteElo "2102"]
[BlackElo "2322"]
[PlyCount "66"]
[EventDate "2008.06.28"]
[EventType "tourn"]
[EventRounds "13"]
[EventCountry "SWE"]
[SourceTitle "CBM 125 Extra"]
[Source "ChessBase"]
[SourceDate "2008.09.01"]
[SourceVersion "1"]
[SourceVersionDate "2008.09.01"]
[SourceQuality "1"]

1. e4 c5 2. Nc3 Nc6 3. g3 g6 4. Bg2 Bg7 5. d3 d6 6. Be3 e5 7. Qd2 Nge7 8. f4 Nd4 9. Nd1 exf4 10. Bxf4 d5 11. c3 Ne6 12. Bh6 Bxh6 13. Qxh6 dxe4 14. dxe4 Bd7 15. Ne3 Ng8 16. Qh4 Qxh4 17. gxh4 Nf4 18. 0-0-0 Nxg2 19. Nxg2 Nf6 20. Nf3 Bg4 21. Rhf1 Nxe4 22. Rde1 Bxf3 23. Rxf3 f5 24. h5 0-0-0 25. Nh4 Rd6 26. Rg1 Kc7 27. Rg2 Rhd8 28. hxg6 hxg6 29. Nxg6 Rd1+ 30. Kc2 R8d2+ 31. Rxd2 Rxd2+ 32. Kc1 Rxh2 33. Rxf5 Rg2 1/2-1/2

[Event "SWE-chB"]
[Site "Vadso"]
[Date "2008.07.04"]
[Round "7"]
[White "Lisseng, Christopher"]
[Black "Berggren, Jonatan"]
[Result "1-0"]
[WhiteElo "2169"]
[BlackElo "2102"]
[PlyCount "103"]
[EventDate "2008.06.28"]
[EventType "tourn"]
[EventRounds "13"]
[EventCountry "SWE"]
[SourceTitle "CBM 125 Extra"]
[Source "ChessBase"]
[SourceDate "2008.09.01"]
[SourceVersion "1"]
[SourceVersionDate "2008.09.01"]
[SourceQuality "1"]

1. d4 Nf6 2. Nf3 c5 3. d5 b5 4. a4 b4 5. c4 e6 6. Bg5 exd5 7. cxd5 Qb6 8. e3 Ba6 9. Bxa6 Qxa6 10. b3 Be7 11. Ra2 d6 12. Re2 Nbd7 13. e4 h6 14. Bh4 0-0-0 15. Nbd2 Rde8 16. 0-0 g5 17. Bg3 Ng4 18. Nc4 h5 19. h4 gxh4 20. Nxh4 Bxh4 21. Bxh4 f6 22. f4 Kc7 23. a5 Qc8 24. Qa1 Rh7 25. Rfe1 Qa6 26. Qb1 Rhh8 27. Qd3 Qc8 28. Qf3 Rh7 29. Bg3 Rf8 30. Rc1 Qa6 31. Be1 Kb8 32. Bg3 Kc7 33. Rce1 Qc8 34. e5 fxe5 35. Qd3 Re7 36. fxe5 Ngxe5 37. Bxe5 Nxe5 38. Nxe5 Rxe5 39. Rxe5 dxe5 40. Rxe5 Qd7 41. Rxh5 Rf7 42. Qa6 Kd8 43. Rh8+ Ke7 44. Qe2+ Kd6 45. Rh6+ Kc7 46. Qe5+ Kc8 47. Rh8+ Kb7 48. Rb8+ Ka6 49. Qe2+ c4 50. Qxc4+ Kxa5 51. Qxb4+ Ka6 52. Qa3+ 1-0

[Event "SWE-chB"]
[Site "Vadso"]
[Date "2008.06.29"]
[Round "2"]
[White "Gajic, Mladen"]
[Black "Berggren, Jonatan"]
[Result "0-1"]
[WhiteElo "2152"]
[BlackElo "2102"]
[PlyCount "70"]
[EventDate "2008.06.28"]
[EventType "tourn"]
[EventRounds "13"]
[EventCountry "SWE"]
[SourceTitle "CBM 125 Extra"]
[Source "ChessBase"]
[SourceDate "2008.09.01"]
[SourceVersion "1"]
[SourceVersionDate "2008.09.01"]
[SourceQuality "1"]

1. e4 c5 2. c3 Nf6 3. e5 Nd5 4. d4 cxd4 5. Nf3 e6 6. cxd4 d6 7. a3 Be7 8. Bd3 Nc6 9. 0-0 0-0 10. Qe2 Bd7 11. Rd1 Rc8 12. Qe4 f5 13. exf6 Nxf6 14. Qh4 Na5 15. Nfd2 g6 16. b4 Nd5 17. Qe4 Nc6 18. Nf3 Bf6 19. h4 Qe7 20. Bh6 Rfe8 21. h5 gxh5 22. g3 Kh8 23. Kg2 Rg8 24. Rh1 Be8 25. b5 Rg4 26. Qe1 Nxd4 27. Nxd4 Bxd4 28. Ra2 Nf6 29. Bf5 Bxb5 30. Qxe6 Bc6+ 31. f3 Qxe6 32. Bxe6 Re8 33. Bxg4 hxg4 34. Nd2 Re2+ 35. Kf1 Bb5 0-1